00477nmm a2200169Ia 4500008004100000020001500041041000800056100003200064245003600096264004300132300001800175490002200193650001900215856004900234942000700283999001700290251105s9999||||xx |||||||||||||||||und|| a8496049876 aspa aPereira González, Antonio 0aMeteoros :b Poesía 1962-2006 a[Madrid, España] :bCalambur, c2006 a384 páginas aCalambur Poesía aSpanish poetry uhttps://public.digitaliapublishing.com/a/900 cCF c74003d74003